Statistics for Geography Mega Word Chain Game

Click here to take the quiz!

General Stats

  • This quiz has been taken 436 times
    (415 since last reset)
  • The average score is 59 of 110

Answer Stats

HintAnswer% Correct
Capital of Scotland.Edinburgh
88%
Capital of Russia.Moscow
88%
Capital of Norway.Oslo
88%
Capital of Poland.Warsaw
88%
Country famous for its fjords, also has the most Winter Olympic medals at a count of 329.Norway
87%
Located in India, meaning 'crown of the palace', ___ Mahal.Taj
87%
Three waterfalls that straddle the border between Canada and The USA.Niagara (Falls)
86%
This American state's capital is Little Rock.Arkansas
84%
Continent home to Australia, New Zealand, Papua New Guinea, etc.Oceania
84%
Tallest mountain in Africa, located in Tanzania.Kilimanjaro
83%
The only Asian city state in the world.Singapore
83%
Gandhi was a pivotal figure in the country's independence from British rule.India
82%
Latvian CapitalRiga
82%
Scandinavian country that participated in the Winter War against the Soviet Union.Finland
81%
Regarded by Jews, Christians, and Muslims as the biblical Holy land, capital is Jerusalem.Israel
81%
Man-made canal in Egypt connecting the Mediterranean to the Red Sea.Suez (Canal)
80%
Turkish capital city.Ankara
78%
Country set to host the 2022 soccer world cup.Qatar
78%
This country's national animal is the komodo dragon.Indonesia
77%
The name of the great bell of the clock at the North end of the palace of Westminster, in London.Big Ben
76%
South East Asian country that gained independence from France in 1953, capital is Vientiane.Laos
75%
Home of the Gurkhas.Nepal
75%
Capital and most populous city of Saudi Arabia.Riyadh
75%
Country that lies west of the Caspian Sea, its capital is Baku.Azerbaijan
74%
Country found on the Horn of Africa, bordered by Ethiopia, Eritrea, and Somalia.Djibouti
74%
Mesopotamia was comprised of Kuwait, eastern parts of Syria and Southeastern Turkey, as well as this country.Iraq
74%
Capital of Morocco, meaning 'Fortified Place'.Rabat
73%
Israel's second largest city and its financial hub.Tel Aviv
73%
Sea located between the mainlands of Greece and Turkey.Aegean
71%
The longest river in Asia.Yangtze
71%
Former European country that was formed in 1918.Yugoslavia
71%
Home of the basketball team 'The Knicks'.New York
69%
European country who's most popular sports are soccer and field hockey, famous for its red light district.Netherlands
68%
Nicknamed 'Pearl of the Orient', a former British colony.Hong Kong
67%
A sovereign state in Europe comprised of four constituent countries.United Kingdom
67%
The nation that competes in the test cricket series, 'The Ashes', against England.Australia
65%
Asian nation colonised by Portugal in the 16th century before later being occupied by Indonesia, it became an independent sovereign state on the 20th of May 2002.East Timor
65%
The point on Earth which is closest to the Sun, located on Mt Chimborazo, can be found in this country.Ecuador
65%
Tropical wetlands located in southern Florida, also know as Pa-Hay-Okee. Known for its alligator population.Everglades
65%
American territory and the largest island in Micronesia.Guam
65%
Country located on the Iberian Peninsula, who's king is Felipe VI.Spain
65%
The longest river in Europe.Volga
64%
Sits on the border between the USA and Mexico, and is the fourth largest river in the USA.Rio Grande
63%
The evergreen state.Washington
63%
Largest river in the world.Amazon
62%
Country that is home to the Blarney Castle.Ireland
62%
South Korean capital city.Seoul
62%
Belgian city which hosted the 1920 Summer Olympics, also known as the diamond capital of the world.Antwerp
61%
Southern Rhodesia was the predecessor to this modern day country.Zimbabwe
61%
Country located on the eastern half of Hispaniola.Dominican Republic
60%
Landlocked country in western Africa, named after a river, who's capital is Niamey.Niger
60%
River that flows through Budapest, Vienna, Bratislava, and Belgrade.Danube
58%
Winners of the 1998 soccer world cup.France
58%
Country that borders only South Africa.Lesotho
58%
Its former official name was Mount Mckinley.Denali
57%
Greenland is an autonomous constituent country within this Kingdom.Denmark
57%
City that is the seat of government of Bolivia, and is its third most populous city.La Paz
57%
Roman oval amphitheatre used for gladiatorial contests among other public spectacles.Colosseum
56%
Capital of Turkmenistan.Ashgabat
55%
Country that is home to Eyjafjallajokull.Iceland
55%
Peninsula of Northern Europe, site of WWI naval battle between Britain and Germany.Jutland
55%
European capital city that is bisected by the Dnieper River.Kiev
55%
The most populous city in the state of New Mexico.Albuquerque
54%
Landmark located in Rio de Janeiro, created by French sculptor Paul Landowski.Christ the Redeemer
54%
Famous catholic cathedral located in Paris.Notre Dame
54%
The Fourth longest river in Africa.Zambezi
54%
An Indian city on the banks of the river Yamuna, it is a major tourist destination due to its many Mughal-era buildings.Agra
53%
Capital of Kenya.Nairobi
52%
Once a church, later a mosque, and now a famous museum located in Istanbul.Hagia Sophia
51%
Mountain range that runs North to South through western Russia.Urals
51%
Island of Indonesia that is home to its capital city, Jakarta, and is the world's most populous island.Java
50%
Egyptian temple located in the site of the ancient Egyptian city, Thebes.Luxor Temple
49%
American state established in 1859, who's state capital is Salem.Oregon
48%
Official residence of the President of Russia.Kremlin
47%
Chilean island famous for its maoi.Easter Island
45%
New York landmark who's original purpose was to be a port for airships.Empire State Building
45%
Country North of Rwanda and Tanzania.Uganda
45%
Australia's longest river.Murray
44%
State in Northern India who's capital is Chandigarh.Punjab
44%
Capital of the Shaanxi Province, starting point of the Silk Road, and home to the Terracotta Army.Xi'an
43%
Archipelagic state in the Caribbean that was the site of Columbus' first landfall in the New World in 1492.Bahamas
42%
Former British colony, island nation in the central Pacific. Declared its independence from Britain in 1979.Kiribati
42%
Musa Keita I was the tenth 'Mansa' of this country, and the richest person in history.*Mali
42%
Also known as Ayers Rock.Uluru
42%
The Buddhas of Bimayan were located in this country until their destruction in 2001.Afghanistan
41%
Sea that lies between China, South Korea, and Japan.East China (Sea)
41%
Capital of Mauritania.Nouakchott
41%
Coastal desert in southern Africa and the only place in the world the welwitschia plant is found.Namib
39%
Limestone statue of a mythical creature with the body of a lion and the head of a human.Great Sphinx (of Giza)
38%
The rugby team 'Stade Français' are based in this city.Paris
38%
Famous monument in Berlin, built on the orders of Prussian king, Frederick William II in 1791.Brandenburg Gate
37%
Incan citadel set high in the Andes Mountains.Machu Picchu
35%
Unusual building in Brussels, built in 1958 for the Brussels World's Fair.Atomium
30%
Major river in Western Siberia, the world's seventh longest river.Ob
27%
During WWII, Operation Dynamo took place in this French commune.Dunkirk
25%
The largest waterfalls system in the world, located in South America.Iguazu (Falls)
21%
Discovered in January 1958, this massif is located on the highest peak in Antarctica.Vinson Massif
14%
'Sea' that is a region of the North Atlantic Ocean, unlike all other regions called seas, it has no land boundaries.Sargasso
12%
Two large rock temples in southern Egypt that were originally carved out of the mountainside during the reign of Pharaoh Ramesses II.Abu Simbel (Temples)
11%
Native name for the highest mountain in New Zealand.Aoraki
11%
City 160 km south of Baghdad, center of Shi‘ite political power in Iraq.Najaf
9%
City and municipality in the State of Mexico, 15th most populous suburb in the world.Ecatepec
8%
A human-made stone landmark used by the Inuit, particularly in Canada.Inukshuk
6%
Highest mountain in Malaysia.Kinabalu
4%
The longest of the five rivers that flow through the Punjab region in northern India and Pakistan, also known as Santadree. Eastern most tributary of the Indus River.Sutlej
4%
City in Algeria known as the 'City of a Thousand Domes'.El Oued
3%
Mountain in Sichuan Province, China, and is one of Four Sacred Buddhist Mountains of China.Emei
3%
Famous site of ancient rock engravings in Namibia.Twyfelfontein
3%
Coral atoll in the Pacific Ocean that is historically notable for its close proximity to US hydrogen bomb tests in 1954.Rongelap
2%
Mountainous lake at the northern end of Kaghan Valley, Pakistan.Saiful Muluk
2%

Score Distribution

Percentile by Number Answered

Percent of People with Each Score

Your Score History

You have not taken this quiz since the last reset